Responses for Show #4191 - Monday, November 18, 2002

2002 College Championship semifinal game 1.
From the Schottenstein Center at the Ohio State University in Columbus.

Contestants

[<< previous game]

Corrie Loeffler, a junior at Azusa Pacific University from Los Banos, California

Sarah Martin-Anderson, a senior at California State University-Bakersfield from Bakersfield, California

Jara Dorsey, a senior at Carnegie Mellon University from Steubenville, Ohio

[next game >>]

Jeopardy! Round responses

SHAKESPEARE
SWEET!
TRANSPORTATION
ACTORS & ACTRESSES
HEY, BABY, I'M PREMED
"DOO"D!
    $200 1
Iago

Jara
    $200 11
sweet potato

Corrie
    $200 17
monster truck

Sarah
    $200 6
Julia Roberts

Corrie
    $200 26
(Jara: What is Dublin?)

London

JaraSarah
    $200 16
doodle

Sarah
    $400 2
Julius Caesar

Corrie
    $400 12
(Alex: He was the former heavyweight champion.)

boxing

Triple Stumper
    $400 18
ambulance

Sarah
    $400 7
Jennifer Aniston

Jara
    $400 27
Yale

Sarah
    $400 22
Doonesbury

Sarah
    $600 3
Montague

Jara
    $600 13
honey

Sarah
    $600 19
tugboat

Sarah
    $600 8
Tobey Maguire

Corrie
    $600 28
shock

Jara
    $600 23
Doo-dah!

Corrie
    $1,000 4
Rosencrantz & Guildenstern

Jara
    $800 14
sweet chariot

Jara
    $800 20
(Jara: What is Voyager?)

Endeavour

Jara
Triple Stumper
    $800 9
Hugh Grant

Corrie
    $800 29
mitosis

Jara
    $800 24
(Alex: With less than a minute to go now.)

Doolittle

Corrie
    $1000 5
(Alex: No editorializing please, ladies & gentlemen!)

kill all the lawyers

Triple Stumper
    $1000 15
aphid

Corrie
    $1000 21
Trans-Siberian Railroad

Corrie
    $1000 10
Vin Diesel

Sarah
    $1000 30
valence

Triple Stumper
    $1000 25
(Alex: That's my era!)

Doo-wop

Corrie

Scores at the first commercial break (after clue 15):

Jara Sarah Corrie
$3,000 $1,600 $3,200

Scores at the end of the Jeopardy! Round:

Jara Sarah Corrie
$3,400 $4,000 $6,600

Double Jeopardy! Round responses

OHIO STATE ALUMNI
WORLD HISTORY
ON THE WEB
PEN NAMES
FAMILIAR EXPRESSIONS
SOUNDS GOOD TO ME
    $400 21
Heisman Trophy

Corrie
    $400 1
Shetland Islands

Corrie
    $400 26
eBay

Corrie
    $400 6
Stephen King

Jara
    $400 11
(Sarah: What is...[time]?)

thick

JaraSarah
    $400 16
fiddle

Sarah
    $800 22
(Jara: What is chemistry?)

physics

JaraSarah
    $800 2
Moors

Sarah
    $800 27
Priceline.com

Jara
    $800 7
D.H. Lawrence

Jara
    $800 12
tails you lose

Corrie
    $800 17
(Corrie: What are metal drums?)

steel drums

Corrie
    $1200 23
R.L. Stine

Corrie
    $1200 3
Industrial Revolution

Sarah
    $1200 28
Classmates.com

Jara
    $1200 8
(Sarah: Who is Emily Bronte?)
(Corrie: Who is Anne Bronte?)

Charlotte Bronte

JaraSarahCorrie
    $1200 13
you can't have your cake and eat it too

Sarah
    $1200 18
bassoon

Corrie
    $1600 24
The Limited

Corrie
    $1600 4
Sun Yat-sen

Triple Stumper
    $3,000 29
Bartleby.com

Jara
    $1600 9
Jack Kerouac

Sarah
    $1,800 14
(Sarah: What is chomping at the bit?)

long in the tooth

Sarah
    $1600 19
(Corrie: What are bongos?)

conga drums

Corrie
Triple Stumper
    $2000 25
(Alex: We have less than a minute to go now.)

George Bellows

Triple Stumper
    $2000 5
(Jara: What is Greece?)

Crete

Jara
Triple Stumper
    $2000 30
iVillage.com

Jara
    $2000 10
Theodore Dreiser

Jara
    $2000 15
the powers that be

Triple Stumper
    $2000 20
harpsichord

Jara

Scores at the end of the Double Jeopardy! Round:

Jara Sarah Corrie
$14,400 $6,600 $10,600

[wagering suggestions for these scores]

Final Jeopardy! Round responses

THE PRESIDENCY
(Alex: The 25th Amendment had to do with replacing the vice president.)
SarahWho is Jimmy Carter?
$6,600
CorrieWho was George W. Bush?
$10,600
JaraWho was FDR?
$10,000
Gerald Ford

Final scores:

Jara Sarah Corrie
$4,400 $0 $0
Finalist 3rd place: $5,000 2nd place: $5,000

Game dynamics:

Coryat scores:

Jara Sarah Corrie
$12,800 $8,400 $10,600
17 R
(including 2 DDs),
4 W
15 R,
3 W
(including 1 DD)
18 R,
2 W

Combined Coryat: $31,800

[game clues] [game scores] [suggest correction]

Game tape date: 2002-10-06
The J! Archive is created by fans, for fans. Scraping, republication, monetization, and malicious use prohibited; this site may use cookies and collect identifying information. See terms. The Jeopardy! game show and all elements thereof, including but not limited to copyright and trademark thereto, are the property of Jeopardy Productions, Inc. and are protected under law. This website is not affiliated with, sponsored by, or operated by Jeopardy Productions, Inc. Join the discussion at JBoard.tv.